Statistics for Portuguese Bird Vocabulary

Click here to take the quiz!

General Stats

  • This quiz has been taken 54 times
  • The average score is 11 of 15

Answer Stats

Hint Answer % Correct
flamingoflamingo
93%
duckpato
93%
birdpássaro
91%
chickengalinha
89%
canarycanário
87%
turkeyperu
82%
pelicanpelicano
80%
penguinpingüim
80%
ostrichavestruz
73%
gooseganso
73%
seagullgaivota
64%
emuema
56%
owlcoruja
56%
hummingbirdbeija-flor
49%
robinpintarroxo
9%

Score Distribution

Percentile by Number Answered

Percent of People with Each Score

Your Score History

You have not taken this quiz